Normal view
MARC view
- Young, Ralph Rowland
Entry Personal Name
001 - CONTROL NUMBER
- control field: 100586
003 - CONTROL NUMBER IDENTIFIER
- control field: NUST
005 - DATE AND TIME OF LATEST TRANSACTION
- control field: 20221018112951.0
008 - FIXED-LENGTH DATA ELEMENTS
- fixed length control field: 221018|| aca||aabn | a|a d
040 ## - CATALOGING SOURCE
- Original cataloging agency: NUST
- Transcribing agency: NUST
100 ## - HEADING--PERSONAL NAME
- Personal name: Young, Ralph Rowland
670 ## - SOURCE DATA FOUND
- Source citation: Work cat.: (NUST)213319: Young, Ralph Rowland., The requirements engineering handbook /, 2003.
